000 00534nam a2200193Ia 4500
003 OSt
005 20240413100021.0
008 210210b1990 xxu||||| |||| 00| 0 eng d
040 _aAL
_c
041 _aHindi
082 _aH891.408 BAHA
100 _aBAHARI (Hardev)
_915825
_dहरदेव बाहरी
245 _aAbhinav gady - mala.
_bअभिनव गद्य - माला
260 _aIlahabad
_bSumitr Prakashan
_c1990
300 _a100
690 _aHindi Prose
_915826
906 _a051161
942 _2ddc
_cBK
999 _c99542
_d99542